Países cuyo deporte más visto no es el fútbol - Estadísticas

Estadísticas generales
  • Esta prueba ha sido intentada 795 veces
  • La puntuación promedio es 15 de 25
Estadísticas de respuestas
Continente DmV País % Correcto
América Futbol Americano Estados Unidos
98%
América Hockey Hielo Canadá
94%
Oceanía Futbol Australiano Australia
90%
Oceanía Rugby Nueva Zelanda
86%
América Beisbol Cuba
83%
Asia Beisbol Japón
82%
Asia Cricket India
77%
América Beisbol República Dominicana
72%
Europa Hockey Hielo Finlandia
68%
Europa Futbol gaélico Irlanda
64%
Europa Baloncesto Lituania
62%
América Beisbol Venezuela
60%
Europa Baloncesto Estonia
58%
Europa Hockey Hielo Letonia
58%
América Beisbol Panama
58%
Asia Cricket Pakistán
54%
Asia Lucha Libre Mongolia
48%
Oceanía Rugby Papua Nueva Guinea
44%
América Cricket Guyana
42%
América Beisbol Nicaragua
42%
Asia Baloncesto Filipinas
40%
Oceanía Rugby Islas Salomon
39%
Oceanía Rugby Vanuatu
36%
Asia Beisbol Taiwán
33%
Asia Voleibol Camboya
25%
No se encontraron pruebas coincidentes
Distribución de puntuación
Porcentaje de gente con cada puntuación
Porcentaje por número respondido
Historial de tus puntuaciones
No has intentado esta prueba.